INFORMATION THEORY, INFERENCE, AND LEARNING ALGORITHMS (Record no. 216573)

MARC details
000 -LEADER
fixed length control field 00479nam a22001577a 4500
008 - FIXED-LENGTH DATA ELEMENTS--GENERAL INFORMATION
fixed length control field 260211b |||||||| |||| 00| 0 eng d
020 ## - INTERNATIONAL STANDARD BOOK NUMBER
International Standard Book Number 978-0-5216-4298-9
100 ## - MAIN ENTRY--PERSONAL NAME
Personal name MACKAY, DAVIDNJ. C.
245 ## - TITLE STATEMENT
Title INFORMATION THEORY, INFERENCE, AND LEARNING ALGORITHMS
260 ## - PUBLICATION, DISTRIBUTION, ETC.
Place of publication, distribution, etc. CAMBIDGE
Name of publisher, distributor, etc. CAMBRIDGE UNIVERSITY PRESS
Date of publication, distribution, etc. 2003
300 ## - PHYSICAL DESCRIPTION
Extent XII, 628P.
500 ## - GENERAL NOTE
General note INCLUDES INDEX
650 ## - SUBJECT ADDED ENTRY
Topical term or geographic name entry element 1. INFORMATION THEORY 2. MACHINE LEARNING
942 ## - ADDED ENTRY ELEMENTS (KOHA)
Source of classification or shelving scheme Library of Congress Classification
Koha item type Long Loan Book
Holdings
Withdrawn status Lost status Source of classification or shelving scheme Damaged status Not for loan Collection Home library Current library Shelving location Date acquired Inventory number Total checkouts Full call number Barcode Date last seen Copy number Price effective from Koha item type
    Library of Congress Classification     Science & Technology Kisii University Library Kisii University Library On Display 02/11/2026 111830   Q 360 .M33 2003 51493 02/11/2026 1 02/11/2026 Long Loan Book
    Library of Congress Classification     Science & Technology Kisii University Library Kisii University Library On Display 02/11/2026 111831   Q 360 .M33 2003 51509 02/11/2026 2 02/11/2026 Long Loan Book
    Library of Congress Classification     Science & Technology Kisii University Library Kisii University Library On Display 02/11/2026 111832   Q 360 .M33 2003 51511 02/11/2026 3 02/11/2026 Long Loan Book
    Library of Congress Classification     Science & Technology Kisii University Library Kisii University Library On Display 02/11/2026 111833   Q 360 .M33 2003 51513 02/11/2026 4 02/11/2026 Long Loan Book
    Library of Congress Classification     Science & Technology Kisii University Library Kisii University Library On Display 02/11/2026 111834   Q 360 .M33 2003 51519 02/11/2026 5 02/11/2026 Long Loan Book